Statistiken für Länder mit einer Hauptstadt an der Staatsgrenze

Klicken Sie hier um das Quiz zu spielen!

Allgemein

  • Dieses Quiz wurde 119 mal gespielt
    (89 seit der letzten Aktualisierung)
  • Das Durchschnittsergebnis liegt bei 7 aus 17

Antwortstatistiken

KontinentLand% Korrekt
EuropaVatikanstadt
86%
EuropaAndorra
79%
EuropaMonaco
78%
EuropaSan Marino
75%
EuropaLiechtenstein
72%
EuropaSlowakei
53%
AfrikaDemokratische Republik Kongo
50%
AfrikaRepublik Kongo
50%
AfrikaLesotho
46%
AsienSingapur
46%
SüdamerikaParaguay
38%
EuropaItalien
17%
AfrikaTogo
16%
AfrikaTschad
16%
AsienLaos
13%
AfrikaZentralafrikanische Republik
7%
AfrikaBotswana
4%

Verteilung der Resultate

Perzentil nach korrekt beantworteten Fragen

Anzahl Personen mit jedem Resultat

Ihre Resultats-Entwicklung

Sie haben dieses Quiz seit der letzten Aktualisierung nicht gespielt